University Home | Library Home | Institutional Repository

Chelation therapy / (Record no. 185087)

MARC details
000 -LEADER
fixed length control field 00716cam5a220024100 4500
001 - CONTROL NUMBER
control field qce00973305
005 - DATE AND TIME OF LATEST TRANSACTION
control field 20190830103922.0
008 - FIXED-LENGTH DATA ELEMENTS--GENERAL INFORMATION
fixed length control field 750423s1964 ilua b 000 0 eng
010 ## - LIBRARY OF CONGRESS CONTROL NUMBER
LC control number 64014066
035 ## - SYSTEM CONTROL NUMBER
System control number (Sirsi) r68397
035 ## - SYSTEM CONTROL NUMBER
System control number (QCAT)lss00807565
035 ## - SYSTEM CONTROL NUMBER
System control number (UPRA)qce00973305
040 ## - CATALOGING SOURCE
Modifying agency UPRA
050 0# - LIBRARY OF CONGRESS CALL NUMBER
Classification number RM301
Item number .S63
082 ## - DEWEY DECIMAL CLASSIFICATION NUMBER
Classification number 615.7
100 1# - MAIN ENTRY--PERSONAL NAME
Personal name Soffer, Alfred.
Linkage A29470.1
245 10 - TITLE STATEMENT
Title Chelation therapy /
Statement of responsibility, etc. by Alfred Soffer ; co-authors: Maynard Chenoweth [and others].
260 ## - PUBLICATION, DISTRIBUTION, ETC.
Place of publication, distribution, etc. Springfield, IL :
Name of publisher, distributor, etc. Thomas,
Date of publication, distribution, etc. [c1964]
504 ## - BIBLIOGRAPHY, ETC. NOTE
Bibliography, etc. note Includes bibliographies.
650 #0 - SUBJECT ADDED ENTRY--TOPICAL TERM
Topical term or geographic name entry element Chelation therapy.
Linkage S21322.1
949 ## - LOCAL PROCESSING INFORMATION (OCLC)
a RM301
w lcc
i -91772
m MAIN
t BOOK
l ON-SHELF

No items available.

© 2026 - The University of Zambia Library - Koha v25.11